000 00505nam a2200181Ia 4500
003 OSt
005 20191227144655.0
008 190216s9999||||xx |||||||||||||| ||und||
020 _a9788125011651
040 _coclc
082 _a330.1
_bCHA/R
100 _aChalam, K S
_9848
245 0 _aReadings In Political Economy /
_cK S Chalam
260 _bOrient Longman,
_c1999.
_aHyderbad:
300 _a463 p
650 _aEconomics
942 _cBK
_2ddc
_h330.1
_iCHA/R
_k330.1
_mCHA/R
999 _c10651
_d10651